[Event "Reykjavik Kvika op"]
[Site "Reykjavik"]
[Date "2022.04.07"]
[Round "2"]
[White "Tirziman, Rudolf"]
[Black "Bulacio, Juan Manuel"]
[Result "1-0"]
[WhiteElo "1963"]
[BlackElo "1636"]
[PlyCount "81"]
[EventDate "2022.04.06"]
[EventType "swiss"]
[EventRounds "9"]
[EventCountry "ISL"]
[SourceTitle "CBM 207 Extra"]
[Source "ChessBase"]
[SourceDate "2022.05.31"]
[SourceVersion "1"]
[SourceVersionDate "2022.05.31"]
[SourceQuality "1"]

1. d4 d5 2. c4 dxc4 3. Nf3 Nf6 4. e3 e6 5. Bxc4 a6 6. a4 c5 7. 0-0 Nbd7 8. Qe2 Qc7 9. e4 cxd4 10. e5 d3 11. Bxd3 Nd5 12. Nc3 Nxc3 13. bxc3 Nc5 14. Bc2 Be7 15. Nd4 b6 16. f4 g6 17. Rf3 Bb7 18. Rh3 Nd7 19. Rb1 h5 20. Bd2 Bc5 21. Be1 0-0-0 22. Bf2 Kb8 23. Be4 Rc8 24. Kh1 Rhd8 25. a5 Ka7 26. axb6+ Nxb6 27. Ra1 Kb8 28. Rb1 Bxe4 29. Qxe4 Qb7 30. Qe2 Ka7 31. Rd3 Qd5 32. Ra1 Kb7 33. Rdd1 Qc4 34. Qb2 Kc7 35. Rdb1 Rb8 36. Nb3 Bxf2 37. Qxf2 Nd5 38. Qa7+ Rb7 39. Qxb7+ Kxb7 40. Na5+ Kc7 41. Nxc4 1-0

[Event "Dublin Bolger Cup"]
[Site "Dublin"]
[Date "2022.03.27"]
[Round "4"]
[White "Tirziman, Rudolf"]
[Black "Gora, Antonina"]
[Result "1/2-1/2"]
[WhiteElo "1963"]
[BlackElo "1867"]
[PlyCount "49"]
[EventDate "2022.03.25"]
[EventType "swiss"]
[EventRounds "5"]
[EventCountry "IRL"]
[SourceTitle "CBM 207 Extra"]
[Source "ChessBase"]
[SourceDate "2022.05.31"]
[SourceVersion "1"]
[SourceVersionDate "2022.05.31"]
[SourceQuality "1"]

1. d4 Nf6 2. c4 g6 3. Nc3 Bg7 4. e4 d6 5. h3 Nbd7 6. Be3 e5 7. d5 a5 8. g4 Nc5 9. f3 h5 10. g5 Nfd7 11. h4 0-0 12. Qd2 b6 13. Nge2 Ba6 14. Ng3 Qe7 15. Be2 Rfe8 16. 0-0-0 Nf8 17. Rdg1 Qd7 18. Qc2 Reb8 19. Nb5 c6 20. dxc6 Qxc6 21. Rd1 Nb7 22. Kb1 Ne6 23. Rd2 Rd8 24. Rhd1 Rd7 25. Bf1 1/2-1/2

[Event "IRL-ch 100th"]
[Site "Dublin"]
[Date "2021.08.08"]
[Round "9"]
[White "Tirziman, Rudolf"]
[Black "Moran, Darragh"]
[Result "1-0"]
[WhiteElo "1941"]
[BlackElo "1859"]
[PlyCount "73"]
[EventDate "2021.07.31"]
[EventType "swiss"]
[EventRounds "9"]
[EventCountry "IRL"]
[SourceTitle "CBM 203 Extra"]
[Source "ChessBase"]
[SourceDate "2021.09.30"]
[SourceVersion "1"]
[SourceVersionDate "2021.09.30"]
[SourceQuality "1"]

1. d4 d5 2. c4 c6 3. Nf3 Nf6 4. cxd5 cxd5 5. Nc3 Nc6 6. Bf4 Bf5 7. Qb3 Na5 8. Qa4+ Bd7 9. Qc2 e6 10. e3 Rc8 11. Bd3 Bb4 12. 0-0 a6 13. Rfc1 0-0 14. Ne5 Bb5 15. Bxb5 axb5 16. Qe2 Bxc3 17. bxc3 Nc4 18. Bg5 Qa5 19. Bxf6 gxf6 20. Nd7 Rfd8 21. Qg4+ Kh8 22. Nxf6 Nd6 23. Qh5 Kg7 24. Qg5+ Kf8 25. Nxh7+ Ke8 26. Nf6+ Kf8 27. h4 Rxc3 28. h5 Rdc8 29. Rf1 Ne4 30. Nxe4 dxe4 31. a4 Rb3 32. Rfb1 Rxb1+ 33. Rxb1 Qxa4 34. h6 Qc2 35. Rxb5 Qd1+ 36. Kh2 Rc1 37. Qd8# 1-0

[Event "IRL-ch 100th"]
[Site "Dublin"]
[Date "2021.08.05"]
[Round "6"]
[White "Goss, Alex"]
[Black "Tirziman, Rudolf"]
[Result "1/2-1/2"]
[WhiteElo "1833"]
[BlackElo "1941"]
[PlyCount "29"]
[EventDate "2021.07.31"]
[EventType "swiss"]
[EventRounds "9"]
[EventCountry "IRL"]
[SourceTitle "CBM 203 Extra"]
[Source "ChessBase"]
[SourceDate "2021.09.30"]
[SourceVersion "1"]
[SourceVersionDate "2021.09.30"]
[SourceQuality "1"]

1. c4 Nf6 2. d4 e6 3. a3 d5 4. Nc3 c6 5. cxd5 exd5 6. Bg5 Bf5 7. Nf3 Nbd7 8. Nh4 Be6 9. Nf3 h6 10. Bh4 Bf5 11. e3 Be7 12. Bd3 Ne4 13. Bxe7 Qxe7 14. Rc1 0-0 15. 0-0 1/2-1/2

[Event "IRL-ch 100th"]
[Site "Dublin"]
[Date "2021.08.01"]
[Round "2"]
[White "Collins, Adam"]
[Black "Tirziman, Rudolf"]
[Result "0-1"]
[WhiteElo "1887"]
[BlackElo "1941"]
[PlyCount "98"]
[EventDate "2021.07.31"]
[EventType "swiss"]
[EventRounds "9"]
[EventCountry "IRL"]
[SourceTitle "CBM 203 Extra"]
[Source "ChessBase"]
[SourceDate "2021.09.30"]
[SourceVersion "1"]
[SourceVersionDate "2021.09.30"]
[SourceQuality "1"]

1. e4 e6 2. d4 d5 3. e5 c5 4. c3 Bd7 5. Nf3 Qb6 6. a4 Nc6 7. Bd3 cxd4 8. 0-0 dxc3 9. Nxc3 a6 10. Qe2 Nge7 11. Re1 h6 12. Bd2 g6 13. h4 Bg7 14. Rac1 Nd4 15. Qe3 Nec6 16. Nxd4 Qxd4 17. Qxd4 Nxd4 18. Bf4 0-0 19. b4 Rfc8 20. Bb1 Bf8 21. Rcd1 Bxb4 22. Bd2 Bxc3 23. Bxc3 Rxc3 24. Rxd4 Rc4 25. Rxc4 dxc4 26. Be4 Rb8 27. a5 b5 28. axb6 Rxb6 29. Rd1 Ba4 30. Rd8+ Kg7 31. Rc8 Bb3 32. Ra8 Rb5 33. f4 Ra5 34. Kf2 h5 35. Ke3 Ra1 36. Kd4 a5 37. Kc3 a4 38. Kb4 Rh1 39. Ra7 Rxh4 40. g3 Rh3 41. Bd5 c3 42. f5 gxf5 43. Bxb3 axb3 44. Kxb3 Rxg3 45. Ka2 Re3 46. Rd7 Rxe5 47. Rb7 Re2+ 48. Ka1 h4 49. Rb2 cxb2+ 0-1

[Event "IRL-ch"]
[Site "Dublin"]
[Date "2018.08.05"]
[Round "2"]
[White "Melaugh, Gavin"]
[Black "Tirziman, Rudolf"]
[Result "1/2-1/2"]
[WhiteElo "2029"]
[BlackElo "1943"]
[PlyCount "128"]
[EventDate "2018.08.04"]
[EventType "swiss"]
[EventRounds "9"]
[EventCountry "IRL"]
[SourceTitle "CBM 185 Extra"]
[Source "ChessBase"]
[SourceDate "2018.07.29"]
[SourceVersion "1"]
[SourceVersionDate "2018.07.29"]
[SourceQuality "1"]

1. e4 e6 2. d4 d5 3. Nc3 dxe4 4. Nxe4 Nd7 5. Nf3 Ngf6 6. Nxf6+ Nxf6 7. Bd3 c5 8. 0-0 cxd4 9. Nxd4 a6 10. c3 Qc7 11. Bg5 Bd6 12. h3 Bf4 13. Qa4+ Bd7 14. Nb5 Bh2+ 15. Kh1 Qc5 16. Bxf6 gxf6 17. Kxh2 Bxb5 18. Bxb5+ Qxb5 19. Qxb5+ axb5 20. Rfd1 Ke7 21. a3 f5 22. Rd4 Rhd8 23. Rad1 Rxd4 24. Rxd4 Ra4 25. Rd2 f4 26. g4 fxg3+ 27. Kxg3 Rc4 28. f4 Re4 29. Kf3 Rc4 30. Rg2 Rc5 31. Rg8 Rd5 32. Ke3 Rh5 33. Rb8 Rxh3+ 34. Kd4 Kf6 35. Rxb7 Rh5 36. Ke4 Rc5 37. Rd7 h5 38. Kf3 Rc4 39. Rb7 Rc5 40. Kg3 Kg6 41. Ra7 e5 42. Ra5 exf4+ 43. Kxf4 Rg5 44. Ra8 Rg4+ 45. Kf3 f5 46. Rb8 h4 47. Rxb5 h3 48. Rb8 Kg7 49. Rb7+ Kg6 50. Rb8 Kg7 51. Rb4 Rg2 52. a4 Rd2 53. Rh4 Rxb2 54. Rxh3 Rb3 55. Kf4 Kg6 56. Rd3 Ra3 57. Rd6+ Kf7 58. Kxf5 Rxc3 59. Rd5 Ke7 60. Ke5 Rc4 61. a5 Ra4 62. Rb5 Kd7 63. Kd5 Kc7 64. Kc5 Ra1 1/2-1/2

[Event "IRL-ch"]
[Site "Ennis"]
[Date "2017.08.03"]
[Round "6"]
[White "Tirziman, Rudolf"]
[Black "Melaugh, Shanemelaugh"]
[Result "1/2-1/2"]
[WhiteElo "1955"]
[BlackElo "1928"]
[PlyCount "127"]
[EventDate "2017.07.29"]
[EventType "swiss"]
[EventRounds "9"]
[EventCountry "IRL"]
[SourceTitle "CBM 179 Extra"]
[Source "ChessBase"]
[SourceDate "2017.08.23"]
[SourceVersion "1"]
[SourceVersionDate "2017.08.23"]
[SourceQuality "1"]

1. e4 d6 2. Nc3 Nf6 3. Nge2 e5 4. g3 Nc6 5. Bg2 g6 6. d3 Bg7 7. h3 Be6 8. Nd5 0-0 9. Be3 Ne7 10. Nxf6+ Bxf6 11. Bh6 Bg7 12. Qd2 d5 13. Nc3 d4 14. Ne2 Qd6 15. a3 Qb6 16. b3 Qc5 17. Bxg7 Kxg7 18. g4 a5 19. Ng3 f6 20. 0-0 g5 21. Nf5+ Bxf5 22. gxf5 Ra6 23. Rfb1 Rc6 24. Ra2 Qc3 25. Qe2 Nc8 26. Kh2 Nd6 27. Rh1 Qc5 28. a4 b5 29. axb5 Qxb5 30. Kg3 Qb4 31. h4 Ra8 32. hxg5 fxg5 33. Qh5 Nf7 34. Qxh7+ Kf8 35. Qh5 Qd2 36. Qf3 Rxc2 37. Rxc2 Qxc2 38. f6 Qd2 39. Qf5 Qf4+ 40. Qxf4 gxf4+ 41. Kg4 Rb8 42. Rc1 Rxb3 43. Rxc7 Nd6 44. Rc6 Ne8 45. Kg5 Rxd3 46. Kg6 Rd1 47. f7 Rg1 48. fxe8Q+ Kxe8 49. Kf5 Rxg2 50. Kxe5 Rxf2 51. Kxd4 a4 52. Rc3 f3 53. Ke3 Rh2 54. Rc1 f2 55. Kf3 Rh4 56. Kxf2 Rxe4 57. Kf3 Rb4 58. Ke3 Kd7 59. Kd3 Kd6 60. Rc4 Rb3+ 61. Kc2 Ra3 62. Kb2 Rb3+ 63. Ka2 Kd5 64. Rxa4 1/2-1/2

[Event "IRL-ch"]
[Site "Ennis"]
[Date "2017.07.29"]
[Round "1"]
[White "Daly, Colm"]
[Black "Tirziman, Rudolf"]
[Result "1-0"]
[WhiteElo "2301"]
[BlackElo "1955"]
[PlyCount "75"]
[EventDate "2017.07.29"]
[EventType "swiss"]
[EventRounds "9"]
[EventCountry "IRL"]
[SourceTitle "CBM 179 Extra"]
[Source "ChessBase"]
[SourceDate "2017.08.23"]
[SourceVersion "1"]
[SourceVersionDate "2017.08.23"]
[SourceQuality "1"]

1. c4 e5 2. Nc3 Nf6 3. Nf3 Nc6 4. d3 Bb4 5. Bd2 d5 6. cxd5 Nxd5 7. Rc1 0-0 8. e3 Kh8 9. Be2 f5 10. 0-0 Nb6 11. Qc2 Be6 12. a3 Be7 13. b4 a6 14. Be1 g5 15. Nd2 g4 16. Nc4 Nd7 17. Bd2 Qe8 18. b5 axb5 19. Nxb5 Rc8 20. Bc3 Bf6 21. Rfd1 f4 22. exf4 exf4 23. Re1 Qf7 24. Bf1 Bd5 25. Qb2 g3 26. hxg3 fxg3 27. fxg3 Kg8 28. Ne3 Be6 29. Rcd1 Nb6 30. Bxf6 Qxf6 31. Qxf6 Rxf6 32. d4 Ne7 33. Rc1 Ned5 34. Nxd5 Nxd5 35. Bc4 c6 36. Rxe6 cxb5 37. Bxd5 Rxc1+ 38. Re1+ 1-0

[Event "Agneaux St Lo op 18th"]
[Site "Agneaux"]
[Date "2017.07.11"]
[Round "4.10"]
[White "Tirziman, Rudolf"]
[Black "Aout, Sebastien"]
[Result "0-1"]
[WhiteElo "1955"]
[BlackElo "2224"]
[PlyCount "88"]
[EventDate "2017.07.08"]
[EventType "swiss"]
[EventRounds "9"]
[EventCountry "FRA"]
[SourceTitle "EXT 2020"]
[Source "ChessBase"]
[SourceDate "2019.10.17"]
[SourceVersion "1"]
[SourceVersionDate "2019.10.17"]
[SourceQuality "1"]

1. e4 c5 2. Nf3 e6 3. d4 cxd4 4. Nxd4 a6 5. Bd3 Qc7 6. 0-0 Nf6 7. Qe2 d6 8. c4 Be7 9. Nc3 b6 10. f4 e5 11. fxe5 dxe5 12. Nf5 Bxf5 13. Rxf5 0-0 14. Bg5 Nbd7 15. Raf1 Qd6 16. h4 Rac8 17. Nd5 Nxd5 18. exd5 f6 19. Be3 g6 20. R5f3 f5 21. Rh3 h5 22. Rc1 e4 23. Bb1 Qe5 24. Qd2 f4 25. Bd4 Bc5 26. Bxc5 bxc5 27. Rd1 Rb8 28. b3 Rbe8 29. Qc3 Qf5 30. Re1 Nf6 31. a3 Qg4 32. Kh2 f3 33. Qb2 Qf4+ 34. Kh1 f2 35. Rf1 e3 36. Qe2 Kg7 37. Bd3 Ng4 38. b4 cxb4 39. axb4 Qd4 40. Rc1 f1Q+ 41. Rxf1 Rxf1+ 42. Qxf1 Qxd3 43. Qa1+ Kh6 44. Rf3 e2 0-1

[Event "Agneaux St Lo op 18th"]
[Site "Agneaux"]
[Date "2017.07.10"]
[Round "3.10"]
[White "Gao, Etienne"]
[Black "Tirziman, Rudolf"]
[Result "1/2-1/2"]
[WhiteElo "2039"]
[BlackElo "1955"]
[PlyCount "100"]
[EventDate "2017.07.08"]
[EventType "swiss"]
[EventRounds "9"]
[EventCountry "FRA"]
[SourceTitle "EXT 2020"]
[Source "ChessBase"]
[SourceDate "2019.10.17"]
[SourceVersion "1"]
[SourceVersionDate "2019.10.17"]
[SourceQuality "1"]

1. e4 e6 2. d4 d5 3. Nc3 Bb4 4. Nge2 dxe4 5. a3 Be7 6. Nxe4 Nd7 7. g3 Ngf6 8. Bg2 Nxe4 9. Bxe4 Nf6 10. Bg2 0-0 11. 0-0 Rb8 12. c3 Bd7 13. Nf4 Qc8 14. Nd3 Rd8 15. Qb3 Be8 16. Re1 b6 17. Bf4 Bd6 18. Bg5 c5 19. Ne5 Be7 20. dxc5 Qxc5 21. Qb4 Qc7 22. Qc4 Qxc4 23. Nxc4 Rbc8 24. Ne3 Kf8 25. Nc2 Bc5 26. Bf3 Ba4 27. Rac1 h6 28. Bxf6 gxf6 29. b4 Bd6 30. Ne3 Be5 31. Bd1 Bxd1 32. Rexd1 Ke7 33. Rxd8 Rxd8 34. f4 Bc7 35. Rc2 b5 36. Kf2 Bb6 37. Ke2 f5 38. c4 bxc4 39. Rxc4 Rd4 40. Rxd4 Bxd4 41. Kd3 Bxe3 42. Kxe3 Kd6 43. a4 f6 44. Kd4 e5+ 45. Kc4 h5 46. h3 Ke6 47. b5 Kd6 48. a5 e4 49. Kd4 Kc7 50. Kc4 Kb7 1/2-1/2

[Event "Bunratty Masters op 24th"]
[Site "Bunratty"]
[Date "2017.02.18"]
[Round "2"]
[White "Li, Henry"]
[Black "Tirziman, Rudolf"]
[Result "0-1"]
[WhiteElo "2150"]
[BlackElo "2013"]
[PlyCount "168"]
[EventDate "2017.02.17"]
[EventType "swiss"]
[EventRounds "6"]
[EventCountry "IRL"]
[SourceTitle "EXT 2018"]
[Source "ChessBase"]
[SourceDate "2017.10.13"]
[SourceVersion "1"]
[SourceVersionDate "2017.10.13"]
[SourceQuality "1"]

1. e4 e6 2. d4 d5 3. Nc3 Nf6 4. e5 Nfd7 5. f4 c5 6. Nf3 Nc6 7. Be3 a6 8. Qd2 b5 9. dxc5 Bxc5 10. Bd3 Qb6 11. Bf2 Bxf2+ 12. Qxf2 Nc5 13. 0-0 b4 14. Ne2 a5 15. c3 Ba6 16. Bxa6 Rxa6 17. Ned4 Ne4 18. Qe3 0-0 19. c4 Nxd4 20. Nxd4 Rd8 21. cxd5 Rxd5 22. Rac1 Ra8 23. Rfd1 Rad8 24. Kh1 h6 25. Rc4 Nc5 26. b3 Na6 27. h3 Nc7 28. Rc6 Qa7 29. Qg1 Rxd4 30. Rxd4 Qxd4 31. Qxd4 Rxd4 32. Rxc7 Rd2 33. Ra7 Rxa2 34. Kh2 Ra3 35. h4 h5 36. g3 Rxb3 37. Rxa5 Rc3 38. Rb5 b3 39. Kg2 Kh7 40. Rb7 Kg6 41. Kf2 f6 42. Rb5 Rc2+ 43. Kf3 Rb2 44. exf6 gxf6 45. f5+ exf5 46. Rb7 Rb1 47. Kf2 b2 48. Kg2 f4 49. gxf4 Kf5 50. Rb4 Kg4 51. Kh2 f5 52. Kg2 Kxh4 53. Kh2 Kg4 54. Kg2 h4 55. Kh2 h3 56. Rb3 Kxf4 57. Rb4+ Ke3 58. Rb3+ Kd2 59. Rb8 f4 60. Rd8+ Kc3 61. Rc8+ Kd4 62. Rd8+ Ke3 63. Re8+ Kf3 64. Rb8 Rf1 65. Rb3+ Kg4 66. Rxb2 Rf3 67. Rb1 Rf2+ 68. Kg1 Rg2+ 69. Kh1 f3 70. Rb4+ Kg3 71. Rg4+ Kf2 72. Rf4 Rg8 73. Rh4 Ke1 74. Ra4 f2 75. Ra1+ Ke2 76. Ra2+ Kf3 77. Ra3+ Ke4 78. Ra4+ Kd3 79. Ra3+ Kc4 80. Ra4+ Kb3 81. Ra1 Rf8 82. Rf1 Kc2 83. Kh2 Kd2 84. Ra1 f1Q 0-1

[Event "EU-Cup 32nd"]
[Site "Novi Sad"]
[Date "2016.11.10"]
[Round "5.3"]
[White "Tirziman, Rudolf"]
[Black "Fioramonti, Hung"]
[Result "0-1"]
[WhiteElo "1991"]
[BlackElo "2325"]
[PlyCount "142"]
[EventDate "2016.11.06"]
[EventType "team-swiss"]
[EventRounds "7"]
[EventCountry "SRB"]
[SourceTitle "CBM 176"]
[Source "ChessBase"]
[SourceDate "2017.01.17"]
[SourceVersion "1"]
[SourceVersionDate "2017.01.17"]
[SourceQuality "1"]
[WhiteTeam "Dublin Trinity College"]
[BlackTeam "Geneve"]
[WhiteTeamCountry "IRL"]
[BlackTeamCountry "SUI"]

1. e4 Nf6 2. e5 Nd5 3. d4 d6 4. Nf3 Bg4 5. Be2 e6 6. c4 Nb6 7. 0-0 Be7 8. h3 Bh5 9. Nc3 0-0 10. Be3 a6 11. b3 N8d7 12. g4 Bg6 13. Qc1 dxe5 14. Nxe5 Nxe5 15. dxe5 Qc8 16. Bg5 Bc5 17. h4 h6 18. Be3 Be7 19. h5 Bh7 20. Bf4 Rd8 21. Qe3 Rd7 22. Rad1 Qf8 23. g5 hxg5 24. Bxg5 Rad8 25. Rxd7 Rxd7 26. Bf4 Bf5 27. Kh1 Kh8 28. Rg1 Qg8 29. Ne4 Qh7 30. Ng5 Bxg5 31. Rxg5 Nc8 32. Rg1 Ne7 33. Rd1 Rxd1+ 34. Bxd1 Be4+ 35. Kh2 Qf5 36. Qg3 Bc6 37. h6 Ng6 38. hxg7+ Kg8 39. Be3 Qe4 40. Kh3 Qh1+ 41. Kg4 Qxd1+ 42. Kg5 Kxg7 43. f4 Qc2 44. Qh3 Qg2+ 45. Qxg2 Bxg2 46. b4 Bf1 47. c5 Bd3 48. Bf2 Nf8 49. Bd4 Nh7+ 50. Kh5 Be2+ 51. Kh4 Kg6 52. c6 b5 53. Bb6 Bf3 54. Bxc7 Bxc6 55. Bb6 Kf5 56. Be3 Nf8 57. Kg3 Ng6 58. a3 Ne7 59. Bc1 Be4 60. Bd2 Bc2 61. Bc1 Bd1 62. Bd2 Ke4 63. Kh4 Kd3 64. Be1 Ke2 65. Bc3 Nd5 66. Bd4 Nxf4 67. Kg5 Nd5 68. Kh6 Bc2 69. Bc5 Bg6 70. Kg5 Kd3 71. Kg4 Kc3 0-1

[Event "EU-Cup 32nd"]
[Site "Novi Sad"]
[Date "2016.11.09"]
[Round "4.3"]
[White "Mejdini, Murat"]
[Black "Tirziman, Rudolf"]
[Result "1-0"]
[WhiteElo "1989"]
[BlackElo "1991"]
[PlyCount "53"]
[EventDate "2016.11.06"]
[EventType "team-swiss"]
[EventRounds "7"]
[EventCountry "SRB"]
[SourceTitle "CBM 176"]
[Source "ChessBase"]
[SourceDate "2017.01.17"]
[SourceVersion "1"]
[SourceVersionDate "2017.01.17"]
[SourceQuality "1"]
[WhiteTeam "Butrinti"]
[BlackTeam "Dublin Trinity College"]
[WhiteTeamCountry "ALB"]
[BlackTeamCountry "IRL"]

1. d4 Nf6 2. Bf4 d5 3. Nf3 c5 4. e3 Nc6 5. c3 Qb6 6. Qb3 c4 7. Qxb6 axb6 8. Nbd2 b5 9. Be2 h6 10. Ne5 Bf5 11. 0-0 e6 12. a3 Be7 13. Rfe1 0-0 14. Bf3 Nxe5 15. Bxe5 Ne4 16. Bxe4 Bxe4 17. f3 Bd3 18. e4 Rfd8 19. exd5 exd5 20. Nf1 Bxf1 21. Kxf1 f6 22. Bg3 Kf7 23. Rac1 g5 24. Re2 Bd6 25. Rce1 Rac8 26. Bxd6 Rxd6 27. g3 1-0

[Event "Douglas IoM op"]
[Site "Douglas"]
[Date "2016.10.09"]
[Round "9"]
[White "Tarjan, James Edward"]
[Black "Tirziman, Rudolf"]
[Result "1-0"]
[WhiteElo "2420"]
[BlackElo "1923"]
[PlyCount "111"]
[EventDate "2016.10.01"]
[EventType "swiss"]
[EventRounds "9"]
[EventCountry "IOM"]
[SourceTitle "EXT 2018"]
[Source "ChessBase"]
[SourceDate "2017.10.13"]
[SourceVersion "1"]
[SourceVersionDate "2017.10.13"]
[SourceQuality "1"]

1. c4 e6 2. g3 Nf6 3. Bg2 c5 4. Nf3 Nc6 5. 0-0 Qb6 6. b3 d5 7. cxd5 exd5 8. Bb2 Be7 9. Nc3 0-0 10. d4 cxd4 11. Na4 Qa6 12. Nxd4 Rd8 13. Nxc6 bxc6 14. Qd4 Bf8 15. e3 Re8 16. Nc5 Qb6 17. Rac1 Nd7 18. Na4 Qa6 19. Rxc6 Qxc6 20. Bxd5 Qd6 21. Bxa8 Qxd4 22. Bxd4 Ba6 23. Bc6 Bxf1 24. Kxf1 Re7 25. Ke2 Nb8 26. Bb5 g6 27. Kd3 Bg7 28. Nc5 Rc7 29. Kc4 Bxd4 30. exd4 Kf8 31. Kd5 Ke7 32. b4 Rc8 33. a4 Rd8+ 34. Ke5 f6+ 35. Ke4 Rd6 36. a5 a6 37. Ba4 Nc6 38. Bxc6 Rxc6 39. d5 Rd6 40. Kd4 h5 41. h4 g5 42. Ne6 gxh4 43. gxh4 Rd7 44. Kc5 Rb7 45. Nd4 Kd7 46. b5 Rc7+ 47. Nc6 axb5 48. a6 Rc8 49. Kxb5 Kd6 50. Kc4 Ra8 51. a7 Kc7 52. Kc5 Kb7 53. d6 Rc8 54. Kd5 Rg8 55. d7 Kc7 56. d8Q+ 1-0

[Event "Douglas IoM op"]
[Site "Douglas"]
[Date "2016.10.08"]
[Round "8"]
[White "Tirziman, Rudolf"]
[Black "Gungl, Theo"]
[Result "1-0"]
[WhiteElo "1923"]
[BlackElo "2257"]
[PlyCount "131"]
[EventDate "2016.10.01"]
[EventType "swiss"]
[EventRounds "9"]
[EventCountry "IOM"]
[SourceTitle "EXT 2017"]
[Source "ChessBase"]
[SourceDate "2016.10.25"]
[SourceVersion "1"]
[SourceVersionDate "2016.10.25"]
[SourceQuality "1"]

1. e4 c5 2. Nf3 d6 3. Bb5+ Nd7 4. a4 Ngf6 5. Nc3 e6 6. d4 cxd4 7. Nxd4 Be7 8. 0-0 0-0 9. f4 a6 10. Be2 Qc7 11. Bf3 Nb6 12. Kh1 Re8 13. g4 e5 14. Nf5 Bxf5 15. exf5 Bf8 16. g5 Nfd7 17. a5 Nc4 18. Bd5 exf4 19. Rxf4 Nce5 20. Qh5 h6 21. Rh4 Kh8 22. Qd1 Qc5 23. Ne4 Qc8 24. gxh6 g6 25. Bg5 gxf5 26. Nf6 Qd8 27. Nxe8 Qxg5 28. Qh5 Qxh5 29. Rxh5 Rxe8 30. Bxb7 Nc5 31. Bd5 Rb8 32. b3 Ng4 33. Bxf7 Nxh6 34. Bc4 Kh7 35. Rg1 Be7 36. Bf7 Bf8 37. Bg6+ Kg7 38. Bxf5+ Kf7 39. Rf1 Nxf5 40. Rhxf5+ Kg8 41. Rg1+ Bg7 42. Rg6 Ne4 43. Re6 Be5 44. Rfxe5 dxe5 45. Rxa6 Rb5 46. Kg2 Rc5 47. c4 Nd2 48. Ra8+ Kg7 49. a6 Ra5 50. a7 Ra2 51. Kh3 e4 52. Rd8 Rxa7 53. Rxd2 Ra3 54. Rb2 Kf6 55. Kg3 Ke5 56. c5 Kd4 57. c6 Kc3 58. c7 Ra8 59. Rb1 Kd2 60. Kf4 e3 61. Ke5 e2 62. Kd6 Rh8 63. Kd7 Rh7+ 64. Kc6 Rh6+ 65. Kb7 Rh7 66. Kb8 1-0

[Event "Douglas IoM op"]
[Site "Douglas"]
[Date "2016.10.06"]
[Round "6"]
[White "Enkhtuul, Altanulzii"]
[Black "Tirziman, Rudolf"]
[Result "1-0"]
[WhiteElo "2302"]
[BlackElo "1923"]
[PlyCount "73"]
[EventDate "2016.10.01"]
[EventType "swiss"]
[EventRounds "9"]
[EventCountry "IOM"]
[SourceTitle "EXT 2017"]
[Source "ChessBase"]
[SourceDate "2016.10.25"]
[SourceVersion "1"]
[SourceVersionDate "2016.10.25"]
[SourceQuality "1"]

1. Nf3 e6 2. g3 Nf6 3. Bg2 d5 4. 0-0 c5 5. c4 d4 6. e3 Nc6 7. exd4 cxd4 8. d3 Be7 9. Re1 Nd7 10. Na3 e5 11. Nc2 a5 12. b3 0-0 13. Rb1 Rb8 14. Ba3 Re8 15. Bxe7 Rxe7 16. b4 b5 17. cxb5 Rxb5 18. a4 Rxb4 19. Nxb4 Nxb4 20. Rc1 Ba6 21. Bf1 Qb6 22. Ng5 h6 23. Ne4 f5 24. Nd2 Nd5 25. Nc4 Qb4 26. Qf3 Nc3 27. Qa8+ Nb8 28. Rxe5 Rxe5 29. Nxe5 Kh7 30. Qa7 Qd6 31. Re1 Nxa4 32. Bh3 Bc8 33. Nc4 Qb4 34. Re7 Nd7 35. Bxf5+ Kg8 36. Re8+ Nf8 37. Rxc8 1-0

[Event "Douglas IoM op"]
[Site "Douglas"]
[Date "2016.10.05"]
[Round "5"]
[White "Kojima, Shinya"]
[Black "Tirziman, Rudolf"]
[Result "1-0"]
[WhiteElo "2399"]
[BlackElo "1923"]
[PlyCount "83"]
[EventDate "2016.10.01"]
[EventType "swiss"]
[EventRounds "9"]
[EventCountry "IOM"]
[SourceTitle "EXT 2017"]
[Source "ChessBase"]
[SourceDate "2016.10.25"]
[SourceVersion "1"]
[SourceVersionDate "2016.10.25"]
[SourceQuality "1"]

1. Nf3 e6 2. c4 Nf6 3. d4 c5 4. Nc3 cxd4 5. Nxd4 Bb4 6. g3 0-0 7. Bg2 d5 8. 0-0 dxc4 9. Qa4 Qa5 10. Qxa5 Bxa5 11. Ndb5 Rd8 12. Bf4 Nc6 13. Rfd1 e5 14. Bg5 Be6 15. Bxf6 Rxd1+ 16. Rxd1 Bxc3 17. bxc3 gxf6 18. Bxc6 bxc6 19. Nc7 Rb8 20. Nxe6 fxe6 21. Rd6 Rb1+ 22. Kg2 Rc1 23. Rxe6 Rxc3 24. Rxf6 Ra3 25. Rxc6 Rxa2 26. Rxc4 Rxe2 27. Ra4 e4 28. Kf1 Rb2 29. Rxe4 Rb6 30. Re7 Ra6 31. h4 Ra5 32. Kg2 h5 33. Kf3 Kf8 34. Rb7 Kg8 35. Kf4 Kf8 36. f3 Kg8 37. Re7 a6 38. Re5 Ra4+ 39. Kg5 Rb4 40. Ra5 Rb5+ 41. Rxb5 axb5 42. Kf5 1-0

[Event "EU-ch U18 26th"]
[Site "Prague"]
[Date "2016.08.25"]
[Round "7"]
[White "Tirziman, Rudolf"]
[Black "Hons, Tomas"]
[Result "1/2-1/2"]
[WhiteElo "1884"]
[BlackElo "2033"]
[PlyCount "95"]
[EventDate "2016.08.18"]
[EventType "swiss"]
[EventRounds "9"]
[EventCountry "CZE"]
[SourceTitle "CBM 174 Extra"]
[Source "ChessBase"]
[SourceDate "2016.10.10"]
[SourceVersion "1"]
[SourceVersionDate "2016.10.10"]
[SourceQuality "1"]

1. e4 c5 2. Nf3 e6 3. Nc3 d6 4. d4 cxd4 5. Nxd4 Qc7 6. g3 Nc6 7. Bg2 a6 8. 0-0 Bd7 9. Re1 Be7 10. Nxc6 Bxc6 11. Qg4 h5 12. Qe2 h4 13. Be3 hxg3 14. hxg3 Nf6 15. b4 Rc8 16. a4 Bd7 17. Bd2 e5 18. Rac1 Qc4 19. Qxc4 Rxc4 20. b5 axb5 21. axb5 0-0 22. Ra1 Rfc8 23. Ra7 Rxc3 24. Bxc3 Rxc3 25. Rxb7 Bd8 26. Rb1 Rxc2 27. b6 Rc8 28. Ra7 Rb8 29. b7 Bc6 30. Rc1 Rxb7 31. Ra8 Bxe4 32. Rxd8+ Kh7 33. Rxd6 Bxg2 34. Kxg2 Kg6 35. Re1 Kf5 36. Re2 Rd7 37. Rxd7 Nxd7 38. f3 f6 39. Ra2 Nc5 40. Kf2 Ne6 41. Ke3 g5 42. Ra6 Nd4 43. g4+ Kg6 44. Ke4 Kf7 45. Ra3 Ke6 46. Rd3 Nb5 47. Rd2 Nd4 48. Rb2 1/2-1/2

[Event "EU-ch U18 26th"]
[Site "Prague"]
[Date "2016.08.18"]
[Round "1"]
[White "Tirziman, Rudolf"]
[Black "Carnicelli, Valerio"]
[Result "0-1"]
[WhiteElo "1884"]
[BlackElo "2244"]
[PlyCount "52"]
[EventDate "2016.08.18"]
[EventType "swiss"]
[EventRounds "9"]
[EventCountry "CZE"]
[SourceTitle "CBM 174 Extra"]
[Source "ChessBase"]
[SourceDate "2016.10.10"]
[SourceVersion "1"]
[SourceVersionDate "2016.10.10"]
[SourceQuality "1"]

1. e4 e5 2. Nf3 Nc6 3. d4 exd4 4. Bc4 Bc5 5. c3 Nf6 6. cxd4 Bb4+ 7. Bd2 Bxd2+ 8. Nbxd2 d5 9. exd5 Nxd5 10. Qb3 Nce7 11. 0-0 0-0 12. Rfe1 c6 13. Ne4 Qb6 14. Nc5 Qxb3 15. Bxb3 Rd8 16. Ne4 h6 17. h3 b6 18. Ne5 Be6 19. Rac1 Rac8 20. Ba4 b5 21. Bb3 Nf4 22. Nc5 Bxb3 23. axb3 Nf5 24. Ra1 Nxd4 25. Rxa7 Rd5 26. b4 Nfe2+ 0-1